[Event "St. Pauli Open"]
[Site "Hamburg"]
[Date "2011.07.10"]
[Round "2.19"]
[White "Wobbe, Sven"]
[Black "Balinski, Damian"]
[Result "1/2-1/2"]
[WhiteElo "2180"]
[BlackElo "2075"]
[PlyCount "83"]
[EventDate "2011.??.??"]
[WhiteTeam "SG Glinde"]

1. e4 d5 2. exd5 Nf6 3. Bb5+ Bd7 4. Bc4 Bg4 5. f3 Bf5 6. Nc3 Nbd7 7. d4 Nb6 8.
Bb3 Nfxd5 9. Nxd5 Nxd5 10. Ne2 e6 11. O-O Be7 12. c4 Nb6 13. Be3 O-O 14. Qd2
Qd7 15. Rfd1 a5 16. a3 a4 17. Ba2 Rad8 18. Nc3 Rfe8 19. Qf2 Qc6 20. d5 exd5 21.
cxd5 Qg6 22. Nb5 Rd7 23. Rac1 Nxd5 24. Rxd5 Rxd5 25. Bxd5 c6 26. Bc4 cxb5 27.
Bxb5 Ra8 28. Bd4 Bd6 29. Re1 Be6 30. Bc5 Bc7 31. g3 h5 32. Bf1 Rd8 33. Bb6 Bxb6
34. Qxb6 Rd2 35. Qxb7 Qc2 36. Qa8+ Kh7 37. Qe4+ Qxe4 38. Rxe4 Rxb2 39. Rxa4 Ra2
40. Ra7 Ra1 41. Kf2 Ra2+ 42. Kg1 1/2-1/2

[Event "St. Pauli Open"]
[Site "Hamburg"]
[Date "2011.07.10"]
[Round "2.20"]
[White "Ditmas, Hugh"]
[Black "Zart, Ruediger"]
[Result "0-1"]
[WhiteElo "1912"]
[BlackElo "2179"]
[PlyCount "70"]
[EventDate "2011.??.??"]
[WhiteTeam "Bremer SG von 1877"]
[BlackTeam "SK Johanneum Eppendorf"]

1. d4 d5 2. c4 c6 3. Nf3 Nf6 4. Nc3 e6 5. Bg5 dxc4 6. e4 b5 7. e5 h6 8. Bh4 g5
9. Nxg5 hxg5 10. Bxg5 Nbd7 11. exf6 Bb7 12. g3 Qb6 13. Bg2 O-O-O 14. O-O c5 15.
d5 b4 16. Na4 Qb5 17. a3 exd5 18. axb4 cxb4 19. Bf4 Bh6 20. Bd6 Bg5 21. Be7
Bxf6 22. Bxd8 Rxd8 23. f4 Nc5 24. Re1 Nd3 25. Re2 Bd4+ 26. Kf1 Ba6 27. Bf3 Qd7
28. Kg2 Rh8 29. h4 Bb5 30. Rd2 Qd6 31. Rxd3 cxd3 32. Rc1+ Kb8 33. b3 Be3 34.
Ra1 Rg8 35. Kh2 Bf2 0-1

[Event "St. Pauli Open"]
[Site "Hamburg"]
[Date "2011.07.10"]
[Round "2.21"]
[White "Engelbert, Christoph"]
[Black "Dinckel, Joerg"]
[Result "1/2-1/2"]
[WhiteElo "2174"]
[BlackElo "2045"]
[PlyCount "86"]
[EventDate "2011.??.??"]
[WhiteTeam "Hamburger SK von 1830 eV"]
[BlackTeam "FC ST.Pauli 1910 eV SAbt"]

1. g3 d5 2. Bg2 Nf6 3. d3 c5 4. Nc3 Nc6 5. e4 e6 6. Nge2 Be7 7. exd5 exd5 8.
Nf4 Bg4 9. Bf3 Bxf3 10. Qxf3 Nd4 11. Qd1 Qd7 12. O-O O-O 13. Kg2 Rfe8 14. Nce2
Nxe2 15. Nxe2 Qg4 16. Ng1 Bd6 17. Qxg4 Nxg4 18. Bd2 Re6 19. Rfe1 Rae8 20. Rxe6
Rxe6 21. Re1 Rxe1 22. Bxe1 f6 23. Bd2 Kf7 24. h3 Ne5 25. Bf4 Ke6 26. Bxe5 Bxe5
27. b3 b5 28. f4 Bb2 29. Kf3 f5 30. c4 dxc4 31. dxc4 b4 32. Ne2 g6 33. g4 Bf6
34. g5 Bg7 35. Ng3 Bc3 36. Nf1 Bd4 37. Ng3 Bc3 38. h4 Bd4 39. h5 Bc3 40. hxg6
hxg6 41. Ke3 Bg7 42. Nf1 Bc3 43. Nh2 Bg7 1/2-1/2

[Event "St. Pauli Open"]
[Site "Hamburg"]
[Date "2011.07.10"]
[Round "2.22"]
[White "Schröder, Kai Uwe"]
[Black "Schmidt-Brauns, Dr. Joachim"]
[Result "0-1"]
[WhiteElo "1859"]
[BlackElo "2174"]
[PlyCount "62"]
[EventDate "2011.??.??"]
[WhiteTeam "SK Wilhelmsburg 1936 eV"]
[BlackTeam "SC Wolfsburg"]

1. e4 g6 2. d4 d5 3. exd5 Qxd5 4. Nc3 Qd8 5. Bf4 Bg7 6. Be5 Nf6 7. Nf3 O-O 8.
Nb5 Na6 9. c3 Bh6 10. Bc4 c6 11. Na3 b5 12. Be2 Nd5 13. Bg3 Nf4 14. Bf1 Qd5 15.
Nc2 Qe6+ 16. Ne3 Nd5 17. Ne5 f6 18. N5g4 Bg7 19. Qe2 Nb6 20. h3 f5 21. Be5 fxg4
22. Bxg7 Kxg7 23. hxg4 Nc7 24. O-O-O Ncd5 25. Qd2 Nxe3 26. fxe3 Qxg4 27. Bd3
Qg5 28. g3 Bg4 29. Qh2 h5 30. Rde1 Rf3 31. Qg2 Nd5 0-1

[Event "St. Pauli Open"]
[Site "Hamburg"]
[Date "2011.07.10"]
[Round "2.23"]
[White "Wittenberg, Andreas"]
[Black "Hinrichs, Lars"]
[Result "1-0"]
[WhiteElo "2166"]
[BlackElo "1894"]
[PlyCount "113"]
[EventDate "2011.??.??"]
[WhiteTeam "Schachverein Mülheim-Nord 1931 e"]
[BlackTeam "Hamburger SK von 1830 eV"]

1. d4 Nf6 2. Nf3 e6 3. g3 b6 4. Bg2 Bb7 5. O-O d5 6. c4 Bd6 7. cxd5 exd5 8. Nc3
a6 9. Qb3 Nbd7 10. Nh4 O-O 11. Nxd5 Nxd5 12. Bxd5 Bxd5 13. Qxd5 Re8 14. Bg5 Be7
15. Bxe7 Qxe7 16. e3 Rad8 17. Qc4 c5 18. Rfd1 cxd4 19. Qxd4 Nc5 20. Qg4 Qf6 21.
Rxd8 Rxd8 22. Rd1 h6 23. Rxd8+ Qxd8 24. Nf5 Qf6 25. Nd4 a5 26. b3 Qd8 27. Qf5
Qd6 28. Kg2 Qd8 29. Qe5 Qa8+ 30. f3 Qd8 31. Qf5 Qd6 32. Kf2 Qd8 33. Ke2 Qa8 34.
Qc2 Qc8 35. Nf5 Qd7 36. e4 Qe8 37. Qc4 Qd7 38. Qd5 Qb5+ 39. Ke3 Qe8 40. Qd4 f6
41. Nd6 Qe7 42. Qd5+ Kh7 43. h4 Qc7 44. Qf5+ Kg8 45. Qc8+ Qxc8 46. Nxc8 b5 47.
Kd4 Nd7 48. f4 Kf8 49. Na7 a4 50. Nxb5 axb3 51. axb3 Ke7 52. Nc7 Nb8 53. Kd5
Nd7 54. b4 g6 55. b5 Kd8 56. Kd6 h5 57. Nd5 1-0

[Event "St. Pauli Open"]
[Site "Hamburg"]
[Date "2011.07.10"]
[Round "2.25"]
[White "Hochgräfe, Dr. Markus"]
[Black "Kügel, Tobias"]
[Result "1/2-1/2"]
[WhiteElo "2356"]
[BlackElo "2038"]
[PlyCount "80"]
[EventDate "2011.??.??"]
[WhiteTeam "SC Diogenes eV"]
[BlackTeam "Delmenhorster SK V 1931"]

1. Nf3 Nf6 2. c4 c6 3. d4 d5 4. e3 a6 5. Nc3 b5 6. b3 e6 7. Bd3 Nbd7 8. O-O Bb7
9. Qe2 Be7 10. Bb2 O-O 11. c5 e5 12. Nxe5 Nxe5 13. dxe5 Nd7 14. b4 Nxe5 15.
Bxh7+ Kxh7 16. Qh5+ Kg8 17. Qxe5 Bf6 18. Qf5 Bc8 19. Qc2 g6 20. Ne2 Bf5 21.
Bxf6 Qxf6 22. Qd2 a5 23. bxa5 Qd8 24. Nd4 Bd7 25. a4 b4 26. Qxb4 Qxa5 27. Rfb1
Rfb8 28. Qxb8+ Rxb8 29. Rxb8+ Kg7 30. Nb3 Qc3 31. a5 d4 32. a6 dxe3 33. fxe3
Qxe3+ 34. Kh1 Bh3 35. gxh3 Qf3+ 36. Kg1 Qe3+ 37. Kh1 Qf3+ 38. Kg1 Qe3+ 39. Kg2
Qe2+ 40. Kg1 Qe3+ 1/2-1/2

[Event "St. Pauli Open"]
[Site "Hamburg"]
[Date "2011.07.10"]
[Round "2.29"]
[White "Schirmer, Werner"]
[Black "Wronn, Bernd"]
[Result "1-0"]
[WhiteElo "2033"]
[BlackElo "2196"]
[PlyCount "53"]
[EventDate "2011.??.??"]
[WhiteTeam "Hamburger SK von 1830 eV"]
[BlackTeam "FC ST.Pauli 1910 eV SAbt"]

1. e4 c6 2. d4 d5 3. Nc3 dxe4 4. Nxe4 Nf6 5. Nxf6+ gxf6 6. c3 Qc7 7. Bd3 Be6 8.
Ne2 Bg4 9. Qa4 Nd7 10. Bd2 e6 11. O-O-O Bd6 12. Rde1 b5 13. Qc2 O-O-O 14. Ng3
h5 15. Ne4 h4 16. h3 Bh5 17. Nxd6+ Qxd6 18. Be3 Rhg8 19. Rhg1 f5 20. f3 Rg7 21.
Qd2 Rdg8 22. Kb1 Qh2 23. Bf4 Rxg2 24. Bxh2 Rxd2 25. Rxg8+ Kb7 26. Be2 Nf6 27.
Rb8+ 1-0

[Event "St. Pauli Open"]
[Site "Hamburg"]
[Date "2011.07.10"]
[Round "2.31"]
[White "Lehmkuhl, Stefan"]
[Black "Andersen, Jens Knud"]
[Result "1-0"]
[WhiteElo "1903"]
[BlackElo "2186"]
[PlyCount "67"]
[EventDate "2011.??.??"]
[WhiteTeam "SF Buxtehude"]
[BlackTeam "SK Mering"]

1. d4 d5 2. Nc3 Nc6 3. Bf4 a6 4. e3 Nf6 5. Bd3 e6 6. Nf3 Bd6 7. Ne5 Bxe5 8.
dxe5 Nd7 9. Qg4 g6 10. Bg5 Ne7 11. f4 c5 12. O-O c4 13. Be2 h6 14. Bxe7 Qxe7
15. a3 Nc5 16. Bf3 Bd7 17. Ne2 O-O-O 18. Nd4 h5 19. Qg3 Rdg8 20. Qe1 g5 21. f5
f6 22. exf6 Qxf6 23. fxe6 Bxe6 24. Bxd5 Qe5 25. Bxe6+ Nxe6 26. c3 Nc5 27. Rf5
Qe7 28. Qg3 g4 29. Raf1 Re8 30. Kh1 Ne4 31. Qf4 Reg8 32. Rf7 Qd8 33. Qxe4 Re8
34. Qxb7# 1-0

[Event "St. Pauli Open"]
[Site "Hamburg"]
[Date "2011.07.10"]
[Round "2.38"]
[White "Rieling, Thomas"]
[Black "Von Malottki, Robin"]
[Result "1-0"]
[WhiteElo "2133"]
[BlackElo "1972"]
[PlyCount "81"]
[EventDate "2011.??.??"]
[WhiteTeam "SC Diogenes eV"]
[BlackTeam "SK Caissa Rahlstedt von 1965"]

1. e4 e6 2. d4 d5 3. Nc3 Nf6 4. Bg5 Bb4 5. e5 h6 6. Be3 Ne4 7. Qg4 g6 8. a3
Bxc3+ 9. bxc3 c5 10. Bd3 Qa5 11. Ne2 cxd4 12. Bxd4 Nc6 13. O-O Nc5 14. Rfb1
Nxd3 15. cxd3 Qa4 16. Qf4 Qc2 17. Qf6 Rg8 18. Nf4 Nxd4 19. cxd4 Qc3 20. Rc1
Qxd4 21. Rab1 Qa4 22. g3 Qd7 23. Rb2 Qd8 24. Rbc2 Qxf6 25. exf6 Bd7 26. Rc7 b6
27. Rb7 Rd8 28. d4 g5 29. Nd3 Rg6 30. Ne5 Rxf6 31. Rcc7 Bb5 32. Rxa7 Kf8 33.
Nxf7 Rb8 34. Ne5 Be8 35. Re7 Ra8 36. Rxe6 Rxe6 37. Rxa8 Ke7 38. Kg2 Kf6 39. Kf3
Bc6 40. Ra6 Bb7 41. Rxb6 1-0

[Event "St. Pauli Open"]
[Site "Hamburg"]
[Date "2011.07.10"]
[Round "2.43"]
[White "Nachtkamp, Herbert"]
[Black "Ristic, Sreten"]
[Result "1-0"]
[WhiteElo "2068"]
[BlackElo "1934"]
[PlyCount "59"]
[EventDate "2011.??.??"]
[WhiteTeam "SK Norderstedt von 1975"]
[BlackTeam "Hamburger SK von 1830 eV"]

1. d4 Nf6 2. Nf3 g6 3. Nc3 Bg7 4. e4 d6 5. Bf4 O-O 6. Qd2 Nc6 7. h3 e5 8. dxe5
dxe5 9. Qxd8 Rxd8 10. Bd2 Nd4 11. O-O-O Be6 12. Ng5 c6 13. Nxe6 Nxe6 14. g3 b5
15. Bg2 a5 16. Be3 b4 17. Na4 Nd4 18. Nb6 Rab8 19. Nc4 Rb5 20. Rhe1 a4 21. Nxe5
b3 22. axb3 Nxb3+ 23. cxb3 Rxd1+ 24. Rxd1 Rxe5 25. Rd8+ Ne8 26. f4 Re6 27. bxa4
Bf6 28. Rc8 Kf8 29. e5 Ke7 30. Bxc6 1-0

[Event "St. Pauli Open"]
[Site "Hamburg"]
[Date "2011.07.10"]
[Round "2.45"]
[White "Welsh, Michael"]
[Black "Deutschbein, Christopher"]
[Result "1/2-1/2"]
[WhiteElo "2061"]
[BlackElo "1927"]
[PlyCount "110"]
[EventDate "2011.??.??"]
[WhiteTeam "FC ST.Pauli 1910 eV SAbt"]
[BlackTeam "Bille SC von 1924 e.V."]

1. e4 e5 2. d4 Nf6 3. dxe5 Nxe4 4. Bc4 Qh4 5. Qe2 Bc5 6. Nf3 Qxf2+ 7. Qxf2
Bxf2+ 8. Ke2 Bb6 9. Be3 Nc6 10. Nbd2 Nxd2 11. Kxd2 Bxe3+ 12. Kxe3 O-O 13. Rae1
b6 14. Rhf1 h6 15. g4 Bb7 16. h4 Rae8 17. Kf4 Nd8 18. Rd1 Ne6+ 19. Kg3 Re7 20.
Bd5 Bxd5 21. Rxd5 Nc5 22. b4 Ne6 23. Rfd1 Rd8 24. c4 Kf8 25. g5 hxg5 26. hxg5
g6 27. a4 Ke8 28. Rh1 Kf8 29. Rd2 {(=)} Kg7 30. Rdh2 Nf8 31. Rd1 d6 32. Rhd2
Red7 33. exd6 Rxd6 34. Rxd6 Rxd6 35. Rxd6 cxd6 36. Kf4 Ne6+ 37. Ke4 Kf8 38. Kd5
Ke7 39. Kc6 Nf4 40. Kb7 d5 41. Kxa7 dxc4 42. Kxb6 c3 43. Ne1 Kd6 44. a5 Nd5+
45. Kb5 Ne3 46. a6 Kc7 47. Kc5 Kb8 48. Nd3 Ng4 49. b5 c2 50. Nc1 f5 51. gxf6
Nxf6 52. Kd4 Ka7 53. Kd3 Nd7 54. Kxc2 Nc5 {(=)} 55. Kc3 Nxa6 1/2-1/2

[Event "St. Pauli Open"]
[Site "Hamburg"]
[Date "2011.07.10"]
[Round "2.46"]
[White "Raider, Eugen"]
[Black "Nugel, Karl-Heinz"]
[Result "1/2-1/2"]
[WhiteElo "1899"]
[BlackElo "2057"]
[PlyCount "48"]
[EventDate "2011.??.??"]
[WhiteTeam "Koenigsspr.SC.1984 e.V."]
[BlackTeam "Hamburger SK von 1830 eV"]

1. e4 c5 2. a3 d6 3. b4 Nf6 4. Nc3 Nc6 5. b5 Nd4 6. g3 g6 7. Bg2 Bg7 8. Rb1 O-O
9. Nce2 e5 10. c3 Nxe2 11. Nxe2 Be6 12. Qc2 d5 13. d3 dxe4 14. dxe4 Bc4 15. Qa4
Qd3 16. Rb2 Nxe4 17. O-O Rfd8 18. Be3 Bf8 19. Nc1 Nxc3 20. Qa5 b6 21. Nxd3 bxa5
22. Bxa8 Bxd3 23. Rd2 c4 24. Bc6 Be7 1/2-1/2

[Event "St. Pauli Open"]
[Site "Hamburg"]
[Date "2011.07.10"]
[Round "2.49"]
[White "Grötzbach, Julian"]
[Black "Becker, Thomas"]
[Result "1/2-1/2"]
[WhiteElo "1884"]
[BlackElo "2050"]
[PlyCount "45"]
[EventDate "2011.??.??"]
[WhiteTeam "Hamburger SK von 1830 eV"]
[BlackTeam "Langenhorner SF 1928"]

1. e4 c5 2. Nf3 e6 3. d4 cxd4 4. Nxd4 Nf6 5. Nc3 d6 6. g4 Nc6 7. g5 Nd7 8. h4
Nc5 9. Bg2 a6 10. Be3 Bd7 11. Qd2 Ne5 12. Qe2 b5 13. b3 b4 14. Nb1 Nc6 15. a4
Qc7 16. Nd2 g6 17. Rd1 e5 18. Nxc6 Bxc6 19. Bxc5 dxc5 20. Nc4 Be7 21. Qg4 O-O
22. O-O Rad8 23. Qg3 {(=)} 1/2-1/2

[Event "St. Pauli Open"]
[Site "Hamburg"]
[Date "2011.07.10"]
[Round "2.50"]
[White "Buchholz, Robert"]
[Black "Seehagen, Jan"]
[Result "1-0"]
[WhiteElo "2048"]
[BlackElo "1900"]
[PlyCount "76"]
[EventDate "2011.??.??"]
[WhiteTeam "Baubehörde"]
[BlackTeam "FC ST.Pauli 1910 eV SAbt"]

1. d4 Nf6 2. Nf3 g6 3. c4 d6 4. Nc3 Bg7 5. e4 O-O 6. h3 e5 7. d5 a5 8. Bd3 Nh5
9. Ne2 f5 10. Bg5 Qe8 11. Nh2 h6 12. Bd2 Nf4 13. Nxf4 exf4 14. Qc2 fxe4 15.
Bxe4 Bf5 16. f3 Nd7 17. O-O-O Bxe4 18. fxe4 Nc5 19. Rde1 Na4 20. b3 Nc5 21. Bc3
b5 22. Bxg7 Kxg7 23. Nf3 bxc4 24. Qxc4 Rb8 25. e5 Qf7 26. Qc3 Kg8 27. Qc2 Kg7
28. e6 Qf6 29. Rd1 Rb4 30. Rhe1 a4 31. Qb2 axb3 32. Qxf6+ Kxf6 33. axb3 Rxb3
34. Kc2 Ke7 35. Nd4 Ra3 36. Nc6+ Ke8 37. Ra1 Rxa1 38. Rxa1 Nxe6 1-0

[Event "St. Pauli Open"]
[Site "Hamburg"]
[Date "2011.07.10"]
[Round "2.52"]
[White "Richter, Thomas"]
[Black "Schulz, Hans-Juergen"]
[Result "0-1"]
[WhiteElo "1842"]
[BlackElo "2040"]
[PlyCount "92"]
[EventDate "2011.??.??"]
[WhiteTeam "Barmbeker SK 1926 eV"]
[BlackTeam "Hamburger SK von 1830 eV"]

1. e4 e5 2. Nf3 Nc6 3. Bc4 Nf6 4. d3 d5 5. exd5 Nxd5 6. c3 Be6 7. b4 a6 8. a4
Be7 9. Qe2 O-O 10. O-O Bg4 11. h3 Bh5 12. g4 Bg6 13. Bb2 Nf4 14. Qe3 Nxh3+ 15.
Kh2 Ng5 16. Nbd2 Nxf3+ 17. Nxf3 Bd6 18. Kh3 Kh8 19. Nh4 Ne7 20. f3 Qd7 21. Rh1
b5 22. axb5 axb5 23. Rxa8 Rxa8 24. Bb3 Rf8 25. Kg2 c6 26. Qg5 Bxd3 27. Bc1 e4
28. Qh5 exf3+ 29. Kxf3 Ng8 30. Nf5 Bxf5 31. gxf5 Nf6 32. Qg5 Qe7 33. Rg1 Rg8
34. Bc2 Qe5 35. Bd2 Qd5+ 36. Ke2 Re8+ 37. Kd1 Bf8 38. Kc1 Ra8 39. Kd1 Ra1+ 40.
Ke2 Rxg1 41. Qxg1 Ne4 42. Bxe4 Qxe4+ 43. Kd1 Qb1+ 44. Bc1 Qxf5 45. Qd4 h5 46.
Kd2 Be7 0-1

[Event "St. Pauli Open"]
[Site "Hamburg"]
[Date "2011.07.10"]
[Round "2.53"]
[White "Kemény, Matthias"]
[Black "Baberz, Alexander"]
[Result "1-0"]
[WhiteElo "2038"]
[BlackElo "1854"]
[PlyCount "53"]
[EventDate "2011.??.??"]
[WhiteTeam "SG Glinde"]
[BlackTeam "Hamburger SK von 1830 eV"]

1. e4 c5 2. Nf3 d6 3. d4 cxd4 4. Nxd4 Nf6 5. Nc3 a6 6. f4 e6 7. Be2 Be7 8. O-O
O-O 9. Kh1 Nbd7 10. Qe1 Nc5 11. Bf3 e5 12. Nf5 Rb8 13. Nxe7+ Qxe7 14. Qg3 b5
15. fxe5 dxe5 16. Bh6 Ne8 17. Nd5 Qe6 18. Be3 Nd7 19. Bg4 Qd6 20. Rad1 f5 21.
Bxf5 Nef6 22. Qh4 h6 23. Bxh6 gxh6 24. Qxh6 Rf7 25. Qg6+ Kf8 26. Bxd7 Bxd7 27.
Nxf6 1-0

[Event "St. Pauli Open"]
[Site "Hamburg"]
[Date "2011.07.10"]
[Round "2.54"]
[White "Schöngart, Ralf"]
[Black "Tscherepanov, Leon"]
[Result "1/2-1/2"]
[WhiteElo "2035"]
[BlackElo "1841"]
[PlyCount "50"]
[EventDate "2011.??.??"]
[WhiteTeam "SF Buxtehude"]
[BlackTeam "Hamburger SK von 1830 eV"]

1. d4 e6 2. c4 d5 3. Nc3 Nf6 4. Bg5 Be7 5. Nf3 O-O 6. e3 b6 7. Qc2 h6 8. Bf4 c5
9. Rc1 Bb7 10. dxc5 Bxc5 11. a3 Nc6 12. b4 Bd6 13. cxd5 exd5 14. Bxd6 Qxd6 15.
Bd3 Ne5 16. Nd4 Nxd3+ 17. Qxd3 a6 18. O-O Ng4 19. f4 Rfe8 20. Rf3 Rad8 21. Rg3
Rxe3 22. Qd2 Rxg3 23. hxg3 Qg6 24. Nf3 Nf6 25. Re1 Ne4 1/2-1/2

[Event "St. Pauli Open"]
[Site "Hamburg"]
[Date "2011.07.10"]
[Round "2.55"]
[White "Grötzbach, Daniel"]
[Black "Kohtz, Andreas"]
[Result "0-1"]
[WhiteElo "1807"]
[BlackElo "2030"]
[PlyCount "64"]
[EventDate "2011.??.??"]
[WhiteTeam "Hamburger SK von 1830 eV"]
[BlackTeam "SC Zugzwang 95 e.V."]

1. e4 Nf6 2. e5 Nd5 3. d4 d6 4. c4 Nb6 5. exd6 cxd6 6. Nc3 g6 7. Bd3 Bg7 8.
Nge2 Nc6 9. Be3 O-O 10. b3 f5 11. f3 e5 12. Bc2 exd4 13. Nxd4 Nxd4 14. Bxd4
Qh4+ 15. Bf2 Bxc3+ 16. Kf1 Qf6 17. Rc1 Be6 18. h4 d5 19. c5 Nd7 20. f4 h5 21.
Rh3 d4 22. Rg3 Kh7 23. Bd3 Nxc5 24. Rxc3 dxc3 25. Bxc5 Rfd8 26. Qf3 Bd5 27. Qe2
Re8 28. Qc2 Qxh4 29. Qf2 Qh1+ 30. Qg1 Qxg1+ 31. Kxg1 Rac8 32. Be3 Rxe3 0-1

[Event "St. Pauli Open"]
[Site "Hamburg"]
[Date "2011.07.10"]
[Round "2.56"]
[White "Lindschau, Eggert"]
[Black "Knauer, Frank"]
[Result "1/2-1/2"]
[WhiteElo "2026"]
[BlackElo "1802"]
[PlyCount "72"]
[EventDate "2011.??.??"]
[WhiteTeam "Niendorfer TSV 1919 SAbt"]
[BlackTeam "FC ST.Pauli 1910 eV SAbt"]

1. e4 d6 2. d4 Nf6 3. Bd3 e5 4. d5 g6 5. c4 Bg7 6. Ne2 Nbd7 7. Nbc3 O-O 8. O-O
h6 9. Ng3 c6 10. Be3 c5 11. a4 b6 12. h3 Ne8 13. Qd2 Qh4 14. a5 bxa5 15. Rxa5
Ndf6 16. Be2 Nh7 17. Qe1 Ng5 18. f4 exf4 19. Rxf4 Nxh3+ 20. gxh3 Qd8 21. Ra2
Bxh3 22. Bf1 Bd7 23. b3 h5 24. Rg2 Be5 25. Nxh5 Ng7 26. Nxg7 Kxg7 27. Rh4 Rh8
28. Rxh8 Qxh8 29. Ne2 Bh3 30. Bf4 Bxf4 31. Nxf4 Bxg2 32. Bxg2 Qh6 33. Qg3 a5
34. Ne2 Qd2 35. Qc3+ Qxc3 36. Nxc3 Kf6 1/2-1/2

[Event "St. Pauli Open"]
[Site "Hamburg"]
[Date "2011.07.10"]
[Round "2.57"]
[White "Onken, Alexej"]
[Black "Obreht, Slobodan"]
[Result "0-1"]
[WhiteElo "1764"]
[BlackElo "2025"]
[PlyCount "68"]
[EventDate "2011.??.??"]
[WhiteTeam "SK Johanneum Eppendorf"]
[BlackTeam "SchVgg Blankenese von 1923"]

1. e4 d6 2. d4 Nf6 3. Nc3 g6 4. f3 Bg7 5. Be3 O-O 6. Qd2 Re8 7. O-O-O c6 8. Bd3
b5 9. Kb1 a5 10. g4 Be6 11. h4 a4 12. d5 cxd5 13. Bxb5 Rf8 14. exd5 Bd7 15. Be2
Qc7 16. a3 Rc8 17. h5 Ra5 18. Bd4 Bf8 19. hxg6 fxg6 20. Bd3 Be8 21. Qh2 Nbd7
22. Ne4 Rxd5 23. Nxf6+ Nxf6 24. Bxf6 exf6 25. Bc4 Bg7 26. Bxd5+ Bf7 27. Bxf7+
Kxf7 28. Rxd6 Qb7 29. Qd2 Rc7 30. Rxh7 Re7 31. Ka2 Kg8 32. Rh3 f5 33. Rd8+ Kf7
34. Rh2 Qxb2# 0-1

[Event "St. Pauli Open"]
[Site "Hamburg"]
[Date "2011.07.11"]
[Round "3.1"]
[White "Rogozenco, Dorian"]
[Black "Michna, Christian"]
[Result "1/2-1/2"]
[WhiteElo "2557"]
[BlackElo "2222"]
[PlyCount "50"]
[EventDate "2011.??.??"]
[WhiteTeam "Hamburger SK von 1830 eV"]
[BlackTeam "SK Norderstedt von 1975"]

1. d4 Nf6 2. c4 g6 3. Nf3 Bg7 4. g3 O-O 5. Bg2 d6 6. O-O Bg4 7. Ne1 Qc8 8. f3
Bh3 9. e4 c5 10. d5 Na6 11. Nc3 Nc7 12. Bg5 h6 13. Be3 Bxg2 14. Kxg2 Nd7 15.
Qd2 Kh7 16. Nd3 b5 17. cxb5 Qb7 18. a4 a6 19. bxa6 Rxa6 20. Rfb1 Rb6 21. a5 Rb3
22. Qc2 Rb8 23. Nd1 Qa6 24. Nc1 R3b5 25. Bd2 e6 1/2-1/2

[Event "St. Pauli Open"]
[Site "Hamburg"]
[Date "2011.07.11"]
[Round "3.2"]
[White "Gottuk, Stefan"]
[Black "Jugelt, Tobias"]
[Result "1/2-1/2"]
[WhiteElo "2229"]
[BlackElo "2403"]
[PlyCount "34"]
[EventDate "2011.??.??"]
[WhiteTeam "SC Diogenes eV"]
[BlackTeam "Delmenhorster SK V 1931"]

1. e4 c6 2. d4 d5 3. e5 c5 4. dxc5 Nc6 5. Nf3 Bg4 6. h3 Bxf3 7. Qxf3 Nxe5 8.
Bb5+ Nc6 9. c4 e6 10. Nc3 Bxc5 11. cxd5 exd5 12. Nxd5 Nge7 13. Bxc6+ Nxc6 14.
Qe4+ Ne7 15. Qa4+ Nc6 16. Qe4+ Ne7 17. Qa4+ Nc6 1/2-1/2

[Event "St. Pauli Open"]
[Site "Hamburg"]
[Date "2011.07.11"]
[Round "3.3"]
[White "Stenner, Patrick"]
[Black "Fries Nielsen, Jens-Ove"]
[Result "1-0"]
[WhiteElo "2220"]
[BlackElo "2394"]
[PlyCount "55"]
[EventDate "2011.??.??"]
[WhiteTeam "FC ST.Pauli 1910 eV SAbt"]
[BlackTeam "Preetzer TSV"]

1. e4 d6 2. d4 Nf6 3. Nc3 a6 4. g3 b5 5. Bg2 Bb7 6. Nge2 e6 7. a3 Nbd7 8. O-O
c5 9. d5 e5 10. h3 h5 11. f4 b4 12. Nb1 a5 13. f5 Ba6 14. Be3 Be7 15. Nd2 Nh7
16. Nf3 Rg8 17. Kh2 g5 18. Nd2 g4 19. f6 Bxf6 20. Rf5 gxh3 21. Bxh3 Bg5 22. Nf4
Ndf6 23. Nf3 exf4 24. gxf4 Bh4 25. Ne5 Bg3+ 26. Kh1 Ng4 27. c4 Qh4 28. Qa4+ 1-0

[Event "St. Pauli Open"]
[Site "Hamburg"]
[Date "2011.07.11"]
[Round "3.5"]
[White "Svane, Rasmus"]
[Black "Wittenberg, Andreas"]
[Result "1-0"]
[WhiteElo "2346"]
[BlackElo "2166"]
[PlyCount "107"]
[EventDate "2011.??.??"]
[WhiteTeam "Lübecker SV von 1873"]
[BlackTeam "Schachverein Mülheim-Nord 1931 e"]

1. c4 e6 2. Nc3 d5 3. d4 Nf6 4. cxd5 exd5 5. Bg5 Be7 6. e3 c6 7. Qc2 Nbd7 8.
Bd3 Nh5 9. Bxe7 Qxe7 10. O-O-O Nb6 11. Kb1 Be6 12. Nf3 O-O-O 13. Rc1 Kb8 14.
Na4 Nxa4 15. Qxa4 g6 16. Rc3 Bf5 17. Bxf5 gxf5 18. Ne5 Rc8 19. Ra3 a6 20. Rc1
Rc7 21. Rxc6 Rhc8 22. Rb3 Qe8 23. Rxc7 Kxc7 24. Qb4 b5 25. Rc3+ Kb7 26. Rxc8
Qxc8 27. Qd6 Qe6 28. Qd8 Nf6 29. Qf8 Ng4 30. Qxf7+ Qxf7 31. Nxf7 Kc7 32. Kc2
Nxf2 33. Nh6 Kd6 34. Nxf5+ Ke6 35. Ng3 Ng4 36. Nf1 Kf5 37. h3 Nf6 38. Nd2 Kg5
39. Nf3+ Kf5 40. Kd3 h5 41. Nd2 Ke6 42. Nb3 Kf5 43. Nc5 a5 44. Nb7 Kg5 45. Ke2
Kh4 46. Kf3 Ne4 47. Kf4 a4 48. a3 Ng3 49. Nd6 Ne2+ 50. Kf3 Nc1 51. Nxb5 Nd3 52.
Nc3 Nxb2 53. Nxd5 Nc4 54. Kf4 1-0

[Event "St. Pauli Open"]
[Site "Hamburg"]
[Date "2011.07.11"]
[Round "3.7"]
[White "Schmidt-Brauns, Dr. Joachim"]
[Black "Stigar, Petter"]
[Result "0-1"]
[WhiteElo "2174"]
[BlackElo "2298"]
[PlyCount "60"]
[EventDate "2011.??.??"]
[WhiteTeam "SC Wolfsburg"]

1. d4 Nf6 2. g3 d5 3. Bg2 e6 4. Nf3 Be7 5. O-O O-O 6. c4 dxc4 7. Qc2 b5 8. a4
b4 9. Ne5 Qxd4 10. Bxa8 Qxe5 11. Bf4 Qh5 12. Bf3 Ng4 13. Bxg4 Qxg4 14. Nd2 e5
15. Bxe5 Nc6 16. f3 Qh5 17. Bxc7 Nd4 18. Qxc4 Be6 19. Qd3 Qc5 20. Ne4 Nxe2+ 21.
Kh1 Qxc7 22. Qxe2 Qe5 23. Rfe1 h5 24. Qb5 Qxb2 25. Qxh5 g6 26. Qh6 Rc8 27. Ng5
Bxg5 28. Qxg5 Bh3 29. Rg1 Rc2 30. Qd8+ Kg7 0-1

[Event "St. Pauli Open"]
[Site "Hamburg"]
[Date "2011.07.11"]
[Round "3.8"]
[White "Nedic, Dusan"]
[Black "Voigt, Gerrit"]
[Result "1/2-1/2"]
[WhiteElo "2268"]
[BlackElo "2142"]
[PlyCount "104"]
[EventDate "2011.??.??"]
[WhiteTeam "SV Eidelstedt"]
[BlackTeam "SK Union Eimsbuettel eV"]

1. d4 Nf6 2. c4 e6 3. g3 c5 4. d5 exd5 5. cxd5 d6 6. Nc3 g6 7. Bg2 Bg7 8. Nf3
O-O 9. O-O a6 10. a4 b6 11. Bf4 Nh5 12. Bg5 Qc7 13. Rc1 h6 14. Bd2 f5 15. Nh4
Qf7 16. f4 Bb7 17. e4 Nd7 18. exf5 gxf5 19. Bf3 Bd4+ 20. Kh1 Ng7 21. Qb3 Rfe8
22. Ng2 Rac8 23. Qc4 Nf6 24. Rcd1 Ng4 25. Be1 Re7 26. Rxd4 cxd4 27. Qxd4 Rce8
28. Bd2 Nh5 29. Qxb6 Qg7 30. Nh4 Nxh2 31. Nxf5 Nxg3+ 32. Nxg3 Nxf1 33. Nxf1 Qf6
34. Qf2 Rg7 35. Ne4 Qxb2 36. Nxd6 Rf8 37. Nxb7 Qxb7 38. Bc3 Rg6 39. Qd4 Rgf6
40. Qg1+ Qg7 41. Qxg7+ Kxg7 42. Kg2 Rc8 43. Bxf6+ Kxf6 44. Ne3 Rc3 45. Kf2 Ra3
46. Bd1 h5 47. Bxh5 Rxa4 48. f5 a5 49. Ke2 Rd4 50. Bf3 a4 51. Nc2 Rf4 52. Ke3
Rxf3+ 1/2-1/2

[Event "St. Pauli Open"]
[Site "Hamburg"]
[Date "2011.07.11"]
[Round "3.9"]
[White "Stelting, Thorsten"]
[Black "Juergens, Bernhard"]
[Result "0-1"]
[WhiteElo "2252"]
[BlackElo "2117"]
[PlyCount "58"]
[EventDate "2011.??.??"]
[WhiteTeam "FC ST.Pauli 1910 eV SAbt"]
[BlackTeam "Hamburger SK von 1830 eV"]

1. e4 e6 2. d4 d5 3. Nd2 Nf6 4. e5 Nfd7 5. f4 c5 6. c3 cxd4 7. cxd4 Nc6 8. Ndf3
Qb6 9. h4 Be7 10. Kf2 f6 11. Kg3 O-O 12. Rh3 fxe5 13. fxe5 Ndxe5 14. dxe5 Nxe5
15. Nxe5 Qxg1 16. Bf4 Rxf4 17. Kxf4 Qf2+ 18. Rf3 Qxh4+ 19. Ke3 Qe4+ 20. Kd2
Bg5+ 21. Kc3 Qxe5+ 22. Kb3 Qd6 23. Bd3 e5 24. Qh1 e4 25. Qh5 Qb6+ 26. Kc3 d4+
27. Kc2 exd3+ 28. Kd1 Qg6 29. Qxg6 hxg6 0-1